000
00225 a2200097 4500
001
24038
100
_a
Chironis, N.P
245
_a
Machine devices and instrumentation
260
_a
_b
McGraw-Hill
_c
1966
090
_c
16269
_d
16269
942
_a
NUST-CAE
_c
M
_c
6968
999
_c
259111
_d
259111